<?xml version='1.0' encoding='UTF-8'?>
  <record xmlns="http://www.loc.gov/MARC21/slim">
    <leader>00000cam a2200000Mi 4500</leader>
    <controlfield tag="001">ocm71515902</controlfield>
    <controlfield tag="003">OCoLC</controlfield>
    <controlfield tag="005">20250714181639.7</controlfield>
    <controlfield tag="008">960129s1683    ne            000 0 lat d</controlfield>
    <datafield tag="040" ind1=" " ind2=" ">
      <subfield code="a">NLGGC</subfield>
      <subfield code="b">dut</subfield>
      <subfield code="e">fobidrtb</subfield>
      <subfield code="c">NLGGC</subfield>
      <subfield code="d">QGJ</subfield>
      <subfield code="d">OCLCA</subfield>
      <subfield code="d">OCLCO</subfield>
      <subfield code="d">OCLCQ</subfield>
      <subfield code="d">OCLCL</subfield>
      <subfield code="d">OCLCQ</subfield>
      <subfield code="d">OCLCL</subfield>
    </datafield>
    <datafield tag="026" ind1=" " ind2=" ">
      <subfield code="d">1</subfield>
      <subfield code="e">168304 - a1 *3 rsp : a2 2*3 ujus - b1 A t : b2 3T3 ICV</subfield>
      <subfield code="2">stcnf</subfield>
    </datafield>
    <datafield tag="026" ind1=" " ind2=" ">
      <subfield code="d">2</subfield>
      <subfield code="e">168304 - a1 *2 di : a2 2*5 ur;$ - b1 A t : b2 3G3 quaru - c1 * s : c2 *3 a$c</subfield>
      <subfield code="2">stcnf</subfield>
    </datafield>
    <datafield tag="029" ind1="0" ind2=" ">
      <subfield code="a">NLGGC</subfield>
      <subfield code="b">145263347</subfield>
    </datafield>
    <datafield tag="035" ind1=" " ind2=" ">
      <subfield code="a">(OCoLC)71515902</subfield>
    </datafield>
    <datafield tag="041" ind1="1" ind2=" ">
      <subfield code="a">lat</subfield>
      <subfield code="h">fre</subfield>
    </datafield>
    <datafield tag="082" ind1="0" ind2="4">
      <subfield code="a">516</subfield>
      <subfield code="q">OCoLC</subfield>
      <subfield code="1">https://id.oclc.org/worldcat/ddc/E3cFy9j9GBF8JQWqQk6cB6dvQ3</subfield>
    </datafield>
    <datafield tag="100" ind1="1" ind2=" ">
      <subfield code="a">Descartes, René,</subfield>
      <subfield code="d">1596-1650.</subfield>
      <subfield code="1">https://id.oclc.org/worldcat/entity/E39PBJm4PF6Xqwc8m39hM8khpP</subfield>
    </datafield>
    <datafield tag="245" ind1="1" ind2="0">
      <subfield code="a">Geometria /</subfield>
      <subfield code="c">à Renato Des Cartes : anno 1637 Gallicè edita; postea autem vnà cum notis Florimondi de Beavne ...  Gallicè conscriptis in Latinam linguam versa &amp; commentariis illustrata  operâ atque studio Francisci à Schooten ..</subfield>
    </datafield>
    <datafield tag="246" ind1="3" ind2=" ">
      <subfield code="a">Geometria à Renato Des Cartes</subfield>
    </datafield>
    <datafield tag="250" ind1=" " ind2=" ">
      <subfield code="a">Nunc demum ... recognita ... commentariis instructa, multisque  ... acceßesionibus exornata ..</subfield>
    </datafield>
    <datafield tag="260" ind1=" " ind2=" ">
      <subfield code="a">Amstelodami, :</subfield>
      <subfield code="b">ex typographia Blaviana ... sumptibus Societatis,</subfield>
      <subfield code="c">1683.</subfield>
    </datafield>
    <datafield tag="300" ind1=" " ind2=" ">
      <subfield code="a">2 dl. ;</subfield>
      <subfield code="c">in-4.</subfield>
    </datafield>
    <datafield tag="336" ind1=" " ind2=" ">
      <subfield code="a">tekst</subfield>
      <subfield code="b">txt</subfield>
      <subfield code="2">rdacontent/dut</subfield>
    </datafield>
    <datafield tag="337" ind1=" " ind2=" ">
      <subfield code="a">zonder medium</subfield>
      <subfield code="b">n</subfield>
      <subfield code="2">rdamedia/dut</subfield>
    </datafield>
    <datafield tag="338" ind1=" " ind2=" ">
      <subfield code="a">band</subfield>
      <subfield code="b">nc</subfield>
      <subfield code="2">rdacarrier/dut</subfield>
    </datafield>
    <datafield tag="500" ind1=" " ind2=" ">
      <subfield code="a">Dl. 2 met eigen titelp. en paginering o.d.t.: Principia matheseos universalis, seu introductio ad geometriae methodum Renati des Cartes / conscripta ab Er. Bartholino.</subfield>
    </datafield>
    <datafield tag="500" ind1=" " ind2=" ">
      <subfield code="a">Met gegrav. geometrische figuren.</subfield>
    </datafield>
    <datafield tag="530" ind1=" " ind2=" ">
      <subfield code="a">Titel is geselecteerd voor digitalisering voor de Universiteit van Amsterdam in het kader van het Google Books-project.</subfield>
    </datafield>
    <datafield tag="700" ind1="1" ind2=" ">
      <subfield code="a">Beaune, Florimond de,</subfield>
      <subfield code="d">1601-1652.</subfield>
      <subfield code="1">https://id.oclc.org/worldcat/entity/E39PBJrKPFWphfyygmFmDM4jG3</subfield>
    </datafield>
    <datafield tag="700" ind1="1" ind2=" ">
      <subfield code="a">Schooten, Frans van,</subfield>
      <subfield code="c">de Jongere,</subfield>
      <subfield code="d">1615-1660.</subfield>
      <subfield code="1">https://id.oclc.org/worldcat/entity/E39PBJtRGpKr3hYBVrqqfy3RKd</subfield>
    </datafield>
    <datafield tag="700" ind1="1" ind2=" ">
      <subfield code="a">Bartholinus, Erasmus,</subfield>
      <subfield code="d">1625-1698.</subfield>
      <subfield code="1">https://id.oclc.org/worldcat/entity/E39PBJfh4HpxkDG7Tjvh8rJkXd</subfield>
    </datafield>
    <datafield tag="710" ind1="0" ind2=" ">
      <subfield code="a">Blaeu, Joan (II, Amsterdam)</subfield>
      <subfield code="4">prt</subfield>
      <subfield code="0">(NL-LeOCL)077132491</subfield>
    </datafield>
    <datafield tag="710" ind1="0" ind2=" ">
      <subfield code="a">Blaeu, Pieter (Amsterdam)</subfield>
      <subfield code="4">prt</subfield>
      <subfield code="0">(NL-LeOCL)077132483</subfield>
    </datafield>
    <datafield tag="710" ind1="0" ind2=" ">
      <subfield code="a">Blaeu, Willem (Amsterdam)</subfield>
      <subfield code="4">prt</subfield>
      <subfield code="0">(NL-LeOCL)077131193</subfield>
    </datafield>
    <datafield tag="710" ind1="2" ind2=" ">
      <subfield code="a">Societas (Amsterdam)</subfield>
      <subfield code="4">prt</subfield>
      <subfield code="0">(NL-LeOCL)077156447</subfield>
    </datafield>
    <datafield tag="740" ind1="0" ind2=" ">
      <subfield code="a">Principia matheseos universalis, seu introductio ad geometriae methodum Renati des Cartes.</subfield>
    </datafield>
    <datafield tag="776" ind1="0" ind2=" ">
      <subfield code="t">Geometria</subfield>
      <subfield code="w">(NL-LeOCL)401885763</subfield>
    </datafield>
    <datafield tag="776" ind1="0" ind2=" ">
      <subfield code="t">Geometria</subfield>
      <subfield code="w">(NL-LeOCL)401885771</subfield>
    </datafield>
    <datafield tag="776" ind1="0" ind2=" ">
      <subfield code="t">Geometria</subfield>
      <subfield code="w">(NL-LeOCL)407164626</subfield>
    </datafield>
    <datafield tag="776" ind1="0" ind2=" ">
      <subfield code="t">Geometria</subfield>
      <subfield code="w">(NL-LeOCL)407164634</subfield>
    </datafield>
  </record>